Library Banner

Islam and the modern age(Vol - 21 No. 1)/ (Record no. 96006)

MARC details
000 -LEADER
fixed length control field 00353nam a22001337a 4500
005 - DATE AND TIME OF LATEST TRANSACTION
control field 20180305123113.0
008 - FIXED-LENGTH DATA ELEMENTS--GENERAL INFORMATION
fixed length control field 170731b xxu||||| |||| 00| 0 eng d
040 ## - CATALOGING SOURCE
Transcribing agency PK-LaUMT
082 ## - DEWEY DECIMAL CLASSIFICATION NUMBER
Classification number ZIAC 297.05
Item number ISL-
245 ## - TITLE STATEMENT
Title Islam and the modern age(Vol - 21 No. 1)/
260 ## - PUBLICATION, DISTRIBUTION, ETC. (IMPRINT)
Place of publication, distribution, etc New Delhi:
Name of publisher, distributor, etc Zakir Husain Institute,
Date of publication, distribution, etc 1991
300 ## - PHYSICAL DESCRIPTION
Extent 88 p.
942 ## - ADDED ENTRY ELEMENTS (KOHA)
Koha item type Books
Holdings
Withdrawn status Lost status Damaged status Home library Current library Date acquired Full call number Barcode Date last seen Price effective from Koha item type
      UMT Main Campus UMT Main Campus 2017-07-31 ZIAC 297.05 ISL- 111650 2017-07-31 2017-07-31 Books